000 01055cam a22002774a 4500
005 20160113051134.0
008 990514s2000 nyua b 001 0 eng
020 _a0387988912 (hardcover : alk. paper)
020 _a0387986421 (softcover : alk. paper)
040 _aDLC
_cDLC
_dCo-BoIAvH
041 0 _aeng
042 _apcc
044 _axxu
082 0 0 _a577.0151
_bM47m
100 1 _aMcGarigal, Kevin.
245 1 0 _aMultivariate statistics for wildlife and ecology research /
_cKevin McGarigal, Sam Cushman, Susan Stafford.
260 _aNew York :
_bSpringer,
_cc2000.
300 _axiii, 283 páginas :
_bilustraciones. ;
_c24 centímetros.
504 _aIncludes bibliographical references and index.
650 2 0 _aEcología animal
_xInvestigación
_xMétodos estadísticos
650 2 0 _aAnálisis multivariado
700 1 _aCushman, Sam.
700 1 _aStafford, Susan G.,
_d1952-
856 4 1 _3Solo tabla de contenido
_uhttp://www.loc.gov/catdir/enhancements/fy0816/99016036-t.html
942 _2ddc
_cLIBRO
999 _c2668
_d2668